000 00610nam a2200205 4500
001 110391
003 ES-MaACL
007 t|
008 061121s1955 sp r ||||1| spa d
100 1 _aO'Donnell, Bernard.
_986316
245 1 0 _aCrímenes que hicieron historia /
_cBernard O'Donnell; traducción directa del inglés por Carlos Sempau.
250 _a1ª. ed.
260 _aBarcelona :
_bA.H.R.,
_c1955.
300 _a313 p., 5 lám ;
_c21 cm.
490 1 _aAmanecer
700 1 _aSempau, Carlos.
_9105396
830 0 _aAmanecer
_9181036
852 _aES-MaACL
_jC-9135
_bR.37127
999 _c110391
_d110391